000 00700nam a2200217Ia 4500
005 20220304141813.0
008 210716s2011 xx 000 0 und d
020 _a9789352028375
040 _cAIMIT LIBRARY
041 _aeng
082 _a658.303
_22
_bRAOP
100 _aRao, P Subba.
_922732
245 _aInternational human resource management /
_cBy P Subba Rao.
250 _a2nd ed.
_bSecond revised edition
260 _aNew Delhi :
_bHimalaya Publishing House ;
_c2011.
300 _a470p. ;
650 _aSocial and cultural context of IHRM
_922733
650 _aTraining and development
_922734
650 _aCompensation and benefits
_922735
942 _2ddc
_cBK
_e2nd
_k658.303 RAOP
999 _c209699
_d209699